Online katalóg knižníc regiónu Turca

Skrýša ; Viera, nádej a smrť ; Dvojťah (Record no. 20697)

MARC details
000 -LEADER
fixed length control field 01466nam a22004333a 4500
001 - CONTROL NUMBER
control field 20697
003 - CONTROL NUMBER IDENTIFIER
control field VRT
005 - DATE AND TIME OF LATEST TRANSACTION
control field 20260130104527.0
008 - FIXED-LENGTH DATA ELEMENTS--GENERAL INFORMATION
fixed length control field 230421s1980 xo g 000 1 slo d
035 ## - SYSTEM CONTROL NUMBER
System control number a000724602
039 #9 - LEVEL OF BIBLIOGRAPHIC CONTROL AND CODING DETAIL [OBSOLETE]
Level of rules in bibliographic description 202509261039
Level of effort used to assign nonsubject heading access points AUTHORITY
Level of effort used to assign subject headings 202504081238
Level of effort used to assign classification fuskovaz
Level of effort used to assign subject headings 202304261317
Level of effort used to assign classification izakovicm
Level of effort used to assign subject headings 202304211321
Level of effort used to assign classification fuskovaz
040 ## - CATALOGING SOURCE
Original cataloging agency UKB
Language of cataloging slo
Transcribing agency UKB
Description conventions AACR2
041 1# - LANGUAGE CODE
Language code of text/sound track or separate title slo
Language code of original eng
044 ## - COUNTRY OF PUBLISHING/PRODUCING ENTITY CODE
MARC country code xo
ISO country code SK
072 #7 - SUBJECT CATEGORY CODE
Subject category code 821.111-3
Subject category code subdivision Anglická próza, anglicky písaná
Source konspekt
080 ## - UNIVERSAL DECIMAL CLASSIFICATION NUMBER
Universal Decimal Classification number 821.111-31
Edition identifier 2011
080 ## - UNIVERSAL DECIMAL CLASSIFICATION NUMBER
Universal Decimal Classification number (0:82-312.4)
Edition identifier 2011
080 ## - UNIVERSAL DECIMAL CLASSIFICATION NUMBER
Universal Decimal Classification number (081)
Edition identifier 2011
100 1# - MAIN ENTRY--PERSONAL NAME
Personal name Craig, David
Relationship aut
245 10 - TITLE STATEMENT
Title Skrýša ; Viera, nádej a smrť ; Dvojťah
Statement of responsibility, etc. David Craig ; z angl. orig. prel. Adriana Oravcová a Gabriela Hanáková
260 ## - PUBLICATION, DISTRIBUTION, ETC.
Place of publication, distribution, etc. Bratislava
Name of publisher, distributor, etc. Slovenský spisovateľ
Date of publication, distribution, etc. 1980
300 ## - PHYSICAL DESCRIPTION
Extent 474 s.
490 1# - SERIES STATEMENT
Series statement Zelená knižnica
500 ## - GENERAL NOTE
General note Dokument obsahuje 3 diela
530 ## - ADDITIONAL PHYSICAL FORM AVAILABLE NOTE
Additional physical form available note Dostupný aj zvukový záznam
655 #7 - INDEX TERM--GENRE/FORM
Genre/form data or focus term anglické romány
Source of term UKBPH
655 #7 - INDEX TERM--GENRE/FORM
Genre/form data or focus term detektívne romány
Source of term UKBPH
700 1# - ADDED ENTRY--PERSONAL NAME
Personal name Oravcová, Adriana,
Dates associated with a name 1952-
Relationship trl
700 1# - ADDED ENTRY--PERSONAL NAME
Personal name Hanáková, Gabriela,
Dates associated with a name 1927-2008
Relationship trl
740 02 - ADDED ENTRY--UNCONTROLLED RELATED/ANALYTICAL TITLE
Uncontrolled related/analytical title Viera, nádej a smrť
740 02 - ADDED ENTRY--UNCONTROLLED RELATED/ANALYTICAL TITLE
Uncontrolled related/analytical title Dvojťah
776 0# - ADDITIONAL PHYSICAL FORM ENTRY
Title Skrýša
Relationship information [zvukový záznam]
776 0# - ADDITIONAL PHYSICAL FORM ENTRY
Title Viera, nádej a smrť
Relationship information [zvukový záznam]
830 #0 - SERIES ADDED ENTRY--UNIFORM TITLE
Uniform title Zelená knižnica
910 ## - USER-OPTION DATA (OCLC)
User-option data ukb
942 ## - ADDED ENTRY ELEMENTS (KOHA)
Source of classification or shelving scheme Dewey Decimal Classification
Koha item type Krásna literatúra pre dospelých
Suppress in OPAC No
949 ## - LOCAL PROCESSING INFORMATION (OCLC)
6 1260810
a 24.D.73274
b PV.7893-80
949 ## - LOCAL PROCESSING INFORMATION (OCLC)
6 1260812
a S.D.70461
b PV.7894-80
Holdings
Stav vyradenia Strata Poškodenie Spôsob nadobudnutia Domovská knižnica Aktuálna knižnica Dátum nadobudnutia Total checkouts Čiarový kód exemplára Date last seen Typ exemplára
      Dar Obecná knižnica Horná Štubňa Obecná knižnica Horná Štubňa 30.01.2026   4736200832 30.01.2026 Krásna literatúra pre dospelých
Projekt je podporený Slovenskou asociáciou knižníc
Prevádzkuje Turčianska knižnica Martin 2026